La abolición del sistema penal : (Registro nro. 3681)

Detalles MARC
000 -LEADER
fixed length control field 00980nam a2200229Ia 4500
003 - CONTROL NUMBER IDENTIFIER
control field OSt
005 - DATE AND TIME OF LATEST TRANSACTION
control field 20200909161149.0
008 - FIXED-LENGTH DATA ELEMENTS--GENERAL INFORMATION
fixed length control field 191128s1995 ck fr 000 0 spa d
020 ## - INTERNATIONAL STANDARD BOOK NUMBER
International Standard Book Number 8482724940
040 ## - CATALOGING SOURCE
Original cataloging agency CO-JMCR
Transcribing agency CO-JMCR
041 0# - LANGUAGE CODE
Language code of text/sound track or separate title spa
082 04 - DEWEY DECIMAL CLASSIFICATION NUMBER
Classification number 364 /
Item number M385a
Edition number 23
100 1# - MAIN ENTRY--PERSONAL NAME
Personal name Martínez Sánchez, Mauricio,
Relator term autor
9 (RLIN) 10061
245 13 - TITLE STATEMENT
Title La abolición del sistema penal :
Remainder of title inconvenientes en Latinoamérica /
Statement of responsibility, etc. Mauricio Martínez Sánchez ; prólogo Juan Bustos Ramírez
260 ## - PUBLICATION, DISTRIBUTION, ETC.
Place of publication, distribution, etc. Bogotá :
Name of publisher, distributor, etc. Temis,
Date of publication, distribution, etc. 1995
300 ## - PHYSICAL DESCRIPTION
Extent xiv, 125 páginas ;
Dimensions 20 cm.
505 0# - FORMATTED CONTENTS NOTE
Formatted contents note Fundamentos teóricos de abolicionismo -- El problema social "sistema penal" el sistema acusado por los abolicionistas -- Alternativas al sistema penal propuestas por los abolicionistas
650 14 - SUBJECT ADDED ENTRY--TOPICAL TERM
Topical term or geographic name entry element Criminología
General subdivision ensayos, conferencias, etc.
9 (RLIN) 10062
650 14 - SUBJECT ADDED ENTRY--TOPICAL TERM
Topical term or geographic name entry element Derecho penal
General subdivision ensayos, conferencias, etc.
9 (RLIN) 10063
700 1# - ADDED ENTRY--PERSONAL NAME
Personal name Bustos Ramírez, Juan,
Relator term prologuista
9 (RLIN) 10064
942 ## - ADDED ENTRY ELEMENTS (KOHA)
Source of classification or shelving scheme Dewey Decimal Classification
Koha item type Books
Existencias
Withdrawn status Lost status Source of classification or shelving scheme Damaged status Not for loan Collection code Home library Current library Date acquired Source of acquisition Total Checkouts Total Renewals Full call number Barcode Date last seen Date last checked out Copy number Koha item type
    Dewey Decimal Classification     Non-fiction Biblioteca Pública José María del Castillo y Rada Biblioteca Pública José María del Castillo y Rada 04/10/2018 Donación 3 2 364 / M385a 201807579 05/16/2024 07/12/2023 Ej.1 Books